|
|
|
|
| LEADER |
01312nam a2200385 a 4500 |
| 001 |
000697036 |
| 003 |
CZ BrMZK |
| 005 |
20071121102904.0 |
| 007 |
ta |
| 008 |
031118s2003 xr a d 000 0 cze d |
| 015 |
|
|
|a cnb001276948
|
| 020 |
|
|
|a 80-85839-94-6
|q (brož.)
|
| 035 |
|
|
|a (OCoLC)56873380
|
| 040 |
|
|
|a BOA001
|b cze
|
| 072 |
|
7 |
|a 53
|x Fyzika
|2 Konspekt
|9 6
|
| 080 |
|
|
|a 53
|2 MRF
|
| 080 |
|
|
|a 371.214.11
|2 MRF
|
| 080 |
|
|
|a (035)
|2 MRF
|
| 080 |
|
|
|a (048.8)
|2 MRF
|
| 100 |
1 |
|
|a Láska, Milan
|7 xx0012906
|4 aut
|
| 245 |
1 |
0 |
|a Fyzika na dlani :
|b středoškolský přehled s řešenými příklady /
|c Milan Láska, Roman Kubínek
|
| 250 |
|
|
|a 1. vyd.
|
| 260 |
|
|
|a Olomouc :
|b Rubico,
|c 2003
|
| 300 |
|
|
|a 132 s. :
|b il. ;
|c 29 cm
|
| 490 |
1 |
|
|a Na dlani
|
| 650 |
0 |
7 |
|a fyzika
|7 ph114601
|2 czenas
|
| 650 |
0 |
7 |
|a učivo středních škol
|7 ph136702
|2 czenas
|
| 655 |
|
7 |
|a příručky
|7 fd133209
|2 czenas
|
| 655 |
|
7 |
|a přehledy
|7 fd133202
|2 czenas
|
| 700 |
1 |
|
|a Kubínek, Roman,
|d 1957-
|7 xx0012398
|4 aut
|
| 830 |
|
0 |
|a Na dlani
|0 s
|
| 856 |
4 |
1 |
|u http://www.digitalniknihovna.cz/mzk/uuid/uuid:b2903220-0594-11e3-9923-005056827e52
|y Digitalizovaný dokument
|x NDK
|
| 910 |
|
|
|a BOA001
|b 3-1124.707
|
| 990 |
|
|
|a BK
|
| 996 |
6 |
|
|b 2610202511
|c 3-1124.707
|l MZK
|r Sklad / do 1 hodiny
|n 2
|p p.v.
|w 000697036
|u 000010
|a 1
|e BOA001
|j MZK50
|s P
|